| 000 | 00374 a2200109 4500 | ||
|---|---|---|---|
| 001 | ART_10850 | ||
| 005 | 20260410161853.0 | ||
| 008 | 260409a | ||
| 245 | 1 | 0 | _aModelos jurídicos de coherencia |
| 100 | 1 | _aAlonso, Juan Pablo | |
| 773 | 0 |
_tFilosofía del derecho _gCuestiones conceptuales, metodológicas y normativas - Año I, Nº 1 (mayo 2012) _wREV10449 |
|
| 999 |
_c25171 _d25171 |
||